| 000 | 00556nam a22001695i 4500 | ||
|---|---|---|---|
| 001 | 164544 | ||
| 003 | ES-MaACL | ||
| 005 | 20231229063050.0 | ||
| 008 | 950206s1882 sp |||| | spa d | ||
| 040 |
_aAR _bspa _cCCPB | PA2 |
||
| 100 | 1 |
_aSánchez, Miguel, _d1833-1889 _9102411 |
|
| 245 | 1 | 4 |
_aLos intransigentes y la doctrina católica / _cpor Miguel Sánchez. |
| 260 |
_aMadrid : _b[s.n.], _c1882 ( _fImprenta de Enrique de la Riva) |
||
| 300 |
_a477 p. ; _c22 cm. |
||
| 852 |
_aES-MaACL _jF-12074 _z-- Enc. pasta |
||
| 999 |
_c164544 _d164544 |
||